000 00619nam 22001813 4500
001 202804
090 _a202804
100 _a20260630d u||y0pory50 ba
200 _aCemitérios marinhos às vezes são festivos
_fPer Johns
210 _aRio de Janeiro
_cTopbooks
_d1995
215 _a328 p.
_cbrochado
_d21 cm
300 _aContém dedicatória na folha de guarda e algumas notas do Prof. Dr. Almeida Faria ao longo do livro
606 _99
_aLiteratura Brasileira
675 _a821.134.3(81)-3
_vBR
_zpor
700 _917665
_aJohns
_bPer
_f1933-2017
801 _aPT
_bBMMN
_gRPC
830 _cAna Falardo
_fAna Falardo
990 _cLIVROS